Every 10,000+ City in Norrland - Statistics

General Stats
  • This quiz has been taken 13 times
  • The average score is 16 of 18
Answer Stats
Letter Population City % Correct
G 107,611 Gävle
100%
H 25,390 Härnösand
100%
K 23,127 Kiruna
100%
Ö 50,013 Örnsköldsvik
100%
Ö 52,748 Östersund
100%
P 35,520 Piteå
100%
S 50,706 Skellefteå
100%
S 104,031 Sundsvall
100%
U 135,233 Umeå
100%
L 68,153 Luleå
89%
B 21,520 Boden
78%
B 14,017 Bollnäs
78%
G 17,104 Gällivare
78%
H 16,998 Hudiksvall
78%
S 27,476 Sandviken
67%
S 12,040 Söderhamn
67%
S 10,086 Sollefteå
67%
T 14,527 Timrå
67%
No matching quizzes found
Score Distribution
Percent of People with Each Score
Percentile by Number Answered
Your Score History
You have not taken this quiz